| 000 | 00422nam a2200145Ia 4500 | ||
|---|---|---|---|
| 008 | 230917s9999||||xx |||||||||||||| ||und|| | ||
| 040 |
_e174200 _aMAIN |
||
| 041 | _aEnglish | ||
| 082 | _a891.437731 JP26P | ||
| 100 | _aजनमेजय, प्रेम | ||
| 245 | 0 | _aबेशर्ममेव जयते | |
| 260 |
_aदिल्ली _bपराग प्रकाशन _c1982 |
||
| 300 | _a110 p. | ||
| 942 | _cHN | ||
| 999 |
_c37211 _d37211 |
||